000 01129 a2200229 4500
003 Nust
005 20260407152648.0
010 _a 88013790
020 _a0070240353
040 _cNust
082 0 0 _a005.133,GOT
100 1 _aGottfried, Byron S.,
_914094
245 1 0 _aSchaum's outline of theory and problems of programming with C /
_cByron S. Gottfried.
250 _a2nd edition
260 _aNew York :
_bMcGraw-Hill,
_cc1990.
300 _axi, 532 p. :
_bill. ;
_c28 cm.
440 0 _aSchaum's outline series.
_98664
505 _aIntroductory Concepts (Page-1), C Fundamentals (Page-24), Operators And Expressions (Page-46), Data Input And Output (Page-68), Preparing And Running A Complete C Program (Page-101), Control Systems (Page-122), Functions (Page-174), Program Structure (Page-207), Arrays (Page-241), Pointers (Page-280), Structures And Unions (Page-338), Data Files (Page-399), Low Level Programming (Page-424), Some Additional Features Of C (Page-450).
650 0 _aC (Computer program language)
_91226
740 0 _aOutline of theory and problems of programming C.
942 _2ddc
_cBK
_k005.133,GOT
999 _c180709
_d180709